[Event "18eme open Louviers"]
[Site "?"]
[Date "2015.10.31"]
[Round "2"]
[White "Bekkaye, Mohammed"]
[Black "Troppee, Kevin"]
[Result "0-1"]
[WhiteElo "1487"]
[BlackElo "1270"]
[PlyCount "110"]
[EventDate "2012.05.13"]
[SourceDate "2015.11.08"]

1. d4 d5 2. Nf3 Nc6 3. e3 a6 4. Bd3 g6 5. Nbd2 Bg7 6. c3 e5 7. dxe5 Nxe5 8.
Nxe5 Bxe5 9. Nf3 Bg7 10. O-O Be6 11. Re1 f5 12. Nd4 Qd7 13. Qc2 Nf6 14. Nxe6
Qxe6 15. Bd2 O-O-O 16. c4 Ne4 17. c5 Nxd2 18. Qxd2 Rhe8 19. Rab1 Re7 20. b4 Qc6
21. Rec1 b5 22. cxb6 Qxb6 23. a4 d4 24. exd4 Bxd4 25. Kf1 Bxf2 26. Bxa6+ Qxa6+
27. b5 Qxb5+ 28. axb5 Rxd2 29. b6 Ree2 30. b7+ Kb8 31. Rd1 Rxd1+ 32. Rxd1 Re1+
33. Rxe1 Bxe1 34. Kxe1 Kxb7 35. Kd2 Kb6 36. Kc3 Kb5 37. g3 c6 38. h3 c5 39. h4
h5 40. Kd3 Kb4 41. Ke3 Kc3 42. Kf4 c4 43. Kg5 Kd3 44. Kxg6 c3 45. Kxh5 c2 46.
Kg6 Ke4 47. h5 c1=Q 48. h6 Qc6+ 49. Kh7 Qd7+ 50. Kg8 Qe6+ 51. Kg7 Ke5 52. h7
Qf6+ 53. Kg8 Ke4 54. h8=Q Qxh8+ 55. Kxh8 Kf3 0-1

[Event "18eme open Louviers"]
[Site "?"]
[Date "2015.10.31"]
[Round "2"]
[White "Varigault, Nicole"]
[Black "Grenet, Dominique"]
[Result "0-1"]
[WhiteElo "1230"]
[BlackElo "1458"]
[PlyCount "128"]
[EventDate "2012.05.13"]
[SourceDate "2015.11.08"]

1. e4 d5 2. e5 e6 3. d4 Nc6 4. Nf3 g6 5. Bb5 Bd7 6. O-O Bh6 7. Nc3 Nce7 8. a4
Nf5 9. h3 a6 10. Bd3 Bxc1 11. Qxc1 Nh4 12. Be2 Nxf3+ 13. Bxf3 Qh4 14. Bg4 h5
15. g3 Qe7 16. Bf3 Nh6 17. Ne2 Nf5 18. h4 O-O-O 19. c3 Rdg8 20. Qg5 Qxg5 21.
hxg5 h4 22. g4 Ne7 23. Bh1 Nc6 24. b4 Na7 25. f4 h3 26. Rf2 Rh4 27. Bf3 Rgh8
28. Rh2 c6 29. Kf2 Kc7 30. a5 Kd8 31. Ke3 Ke7 32. Rah1 Nb5 33. Nc1 Nxc3 34. Nb3
Bc8 35. Kd3 Nb5 36. Nc5 Na3 37. Na4 Nc4 38. Kc3 Na3 39. Nb6 Nb5+ 40. Kd3 Kd8
41. Nxc8 Kxc8 42. Ke3 Kc7 43. Rg1 Na3 44. Be2 Nc2+ 45. Kd2 Nxd4 46. Kd3 Nb5 47.
Kc2 Nd4+ 48. Kd3 Nb5 49. Ke3 Rd8 50. Bxb5 cxb5 51. Kf3 Kb8 52. Kg3 Rdh8 53. Kf3
R4h7 54. Rc1 Rc8 55. Rxc8+ Kxc8 56. Kg3 d4 57. Kf3 Rh8 58. Ke4 Rh4 59. Kxd4
Rxg4 60. Ke4 Rg3 61. Kd4 Rb3 62. Kc5 Kc7 63. Rh1 Rd3 64. Rh2 Rd5# 0-1

[Event "18eme open Louviers"]
[Site "?"]
[Date "2015.10.31"]
[Round "2"]
[White "Quevauvilliers, Philippe"]
[Black "Voegele, Francois-Marie"]
[Result "1-0"]
[WhiteElo "1448"]
[BlackElo "1160"]
[PlyCount "57"]
[EventDate "2012.05.13"]
[SourceDate "2015.11.08"]

1. e4 c5 2. Nf3 d6 3. Bc4 e6 4. O-O Be7 5. d3 Nf6 6. Nc3 O-O 7. d4 cxd4 8. Nxd4
Bd7 9. Bg5 h6 10. Bh4 Nc6 11. a3 e5 12. Nxc6 bxc6 13. Bxf6 gxf6 14. f4 exf4 15.
Rxf4 Be6 16. Bd3 Kg7 17. Qh5 Rh8 18. Raf1 Kg8 19. Ne2 c5 20. b3 Qd7 21. Ng3 Rh7
22. e5 f5 23. Nxf5 dxe5 24. Rg4+ Bg5 25. Nxh6+ Kf8 26. Rxg5 Re8 27. Bxh7 Bd5
28. Qh4 Re7 29. Rg8# 1-0

[Event "18eme open Louviers"]
[Site "?"]
[Date "2015.10.31"]
[Round "2"]
[White "Marie, Isabelle"]
[Black "Blasco, David"]
[Result "0-1"]
[WhiteElo "1112"]
[BlackElo "1443"]
[PlyCount "56"]
[EventDate "2012.05.13"]
[SourceDate "2015.11.08"]

1. e4 d6 2. Nf3 Nf6 3. Nc3 g6 4. d4 Bg7 5. d5 O-O 6. Be2 c6 7. dxc6 Nxc6 8. O-O
a6 9. h3 b5 10. Ne1 b4 11. Nd5 Nxe4 12. f3 Ng3 13. Kh2 Nxf1+ 14. Bxf1 e6 15.
Ne3 a5 16. Ng4 h5 17. Ne3 Qh4 18. g3 Be5 19. f4 Bxf4 20. gxf4 Qxf4+ 21. Kh1 Nd4
22. N1g2 Bb7 23. Nc4 Qh4 24. Qd3 Be4 25. Qxd4 Bxg2+ 26. Kxg2 Qxd4 27. Ne3 Rfc8
28. Be2 f5 0-1

[Event "18eme open Louviers"]
[Site "?"]
[Date "2015.10.31"]
[Round "2"]
[White "Pineau, Patrick"]
[Black "Hauchard, Goran"]
[Result "1-0"]
[WhiteElo "1428"]
[BlackElo "1110"]
[PlyCount "39"]
[EventDate "2012.05.13"]
[SourceDate "2015.11.08"]

1. e4 e5 2. Nf3 Nc6 3. Bb5 a6 4. Ba4 Nf6 5. d3 d6 6. O-O Bg4 7. h3 Bh5 8. Nbd2
b5 9. Bb3 Nd4 10. c3 Nxf3+ 11. Nxf3 Be7 12. Bg5 O-O 13. g4 h6 14. Bxf6 Bxf6 15.
gxh5 Qd7 16. Kh2 Rfe8 17. Rg1 Qe7 18. Qd2 a5 19. Qxh6 Bh4 20. Qxg7# 1-0

[Event "18eme open Louviers"]
[Site "?"]
[Date "2015.10.31"]
[Round "2"]
[White "Mallet, Guillaume"]
[Black "Maraine, Louis Ermiyas"]
[Result "1-0"]
[WhiteElo "1333"]
[BlackElo "1010"]
[PlyCount "57"]
[EventDate "2012.05.13"]
[SourceDate "2015.11.08"]

1. e4 c5 2. Bc4 d6 3. Nf3 h6 4. d3 g6 5. Nc3 Bg7 6. Bd2 Nf6 7. O-O Nc6 8. Bb5
Qc7 9. Rb1 a6 10. Ba4 O-O 11. Nd5 Nxd5 12. exd5 b5 13. Bb3 Ne5 14. Nxe5 Bxe5
15. Bxh6 Re8 16. c4 b4 17. Bc2 Bd7 18. Qd2 Rab8 19. Bf4 Bxf4 20. Qxf4 a5 21. b3
Qa7 22. Rfe1 a4 23. Ra1 e5 24. Qf6 Bf5 25. Qxd6 Red8 26. Qxe5 Re8 27. Qf6 Rb6
28. Rxe8+ Kh7 29. Qh8# 1-0

[Event "18eme open Louviers"]
[Site "?"]
[Date "2015.10.31"]
[Round "3"]
[White "Joslin, Jerome"]
[Black "Lacour, Cedric"]
[Result "1-0"]
[WhiteElo "2072"]
[BlackElo "1886"]
[PlyCount "115"]
[EventDate "2012.05.13"]
[SourceDate "2015.11.08"]

1. d4 f5 2. Bg5 d6 3. e3 c5 4. Bc4 d5 5. Bb5+ Bd7 6. Bxd7+ Nxd7 7. Nc3 Ngf6 8.
Nf3 e6 9. dxc5 Bxc5 10. a3 Rc8 11. Nd4 Kf7 12. b4 Bxd4 13. Qxd4 Rc4 14. Qd3 h6
15. Bf4 Qb6 16. Ne2 Rhc8 17. Ra2 Ne4 18. O-O Nc3 19. Nxc3 Rxc3 20. Qe2 e5 21.
Bg3 g5 22. f4 exf4 23. Bf2 f3 24. Qxf3 Qe6 25. Qh5+ Qg6 26. Qd1 Qe6 27. e4 dxe4
28. Bd4 R3c6 29. Qh5+ Kg8 30. Rb2 Rxc2 31. Rxc2 Rxc2 32. Qh3 Qc4 33. Bxa7 Rc1
34. Qxf5 Rxf1+ 35. Qxf1 Qxf1+ 36. Kxf1 Kf7 37. Bd4 Ke6 38. Ke2 b5 39. g4 Ne5
40. h3 Kd5 41. Ba1 Nf7 42. Bg7 Ke6 43. Ke3 Kd5 44. Bf8 Ke5 45. Ke2 Kd5 46. Kd2
Ke6 47. Bg7 Kd6 48. Kc2 Kd5 49. Kc3 e3 50. Kd3 e2 51. Kxe2 Kc4 52. Ke3 Kb3 53.
Kd4 Kxa3 54. Kc5 Ka4 55. Bf6 Kb3 56. Kd5 h5 57. gxh5 Kxb4 58. Ke6 1-0

[Event "18eme open Louviers"]
[Site "?"]
[Date "2015.10.31"]
[Round "3"]
[White "Lautier, Eric"]
[Black "Vincent, Didier"]
[Result "1-0"]
[WhiteElo "1719"]
[BlackElo "2024"]
[PlyCount "51"]
[EventDate "2012.05.13"]
[SourceDate "2015.11.08"]

1. e4 e5 2. Nf3 Nc6 3. Nc3 Nf6 4. d4 exd4 5. Nxd4 d6 6. Be2 g6 7. O-O Bg7 8.
Bg5 h6 9. Be3 O-O 10. f4 Re8 11. Qd2 Nxe4 12. Nxe4 Rxe4 13. Nxc6 bxc6 14. Bd3
Re7 15. f5 Bxf5 16. Bxf5 gxf5 17. Bxh6 Re6 18. Bxg7 Kxg7 19. Rxf5 Rg6 20. Raf1
f6 21. h4 Qe7 22. h5 Rh6 23. g4 Kh7 24. g5 Rg8 25. g6+ Kg7 26. Rxf6 1-0

[Event "18eme open Louviers"]
[Site "?"]
[Date "2015.10.31"]
[Round "3"]
[White "Boursier, Xavier"]
[Black "Soriano, Manon"]
[Result "1-0"]
[WhiteElo "1996"]
[BlackElo "1645"]
[PlyCount "103"]
[EventDate "2012.05.13"]
[SourceDate "2015.11.08"]

1. e4 c5 2. Nc3 Nc6 3. f4 e6 4. Bb5 a6 5. Bxc6 bxc6 6. d3 Ne7 7. Nf3 d5 8. O-O
Ng6 9. Qe1 Be7 10. f5 Nh4 11. Ne5 c4 12. g3 f6 13. Nxc6 Qb6+ 14. Be3 Qxc6 15.
gxh4 dxe4 16. dxc4 O-O 17. h5 Bc5 18. Qf2 Bxe3 19. Qxe3 h6 20. Qxe4 Qb6+ 21.
Rf2 Rb8 22. b3 exf5 23. Qf3 Re8 24. Nd5 Qd4 {(=)} 25. Rd1 Qh4 26. Re2 Bb7 27.
Rxe8+ Rxe8 28. Nxf6+ gxf6 29. Qxb7 Qg4+ 30. Qg2 Re2 31. Qxg4+ fxg4 32. Rf1 Rxc2
33. Rxf6 Rc1+ 34. Kg2 Rc2+ 35. Kg3 Rxa2 36. Rxh6 a5 37. Rg6+ Kh7 38. Rxg4 Rb2
39. Kf4 Rxb3 40. Ke4 a4 41. Rg2 a3 42. Ra2 Rh3 43. Kd4 Rh4+ 44. Kc3 Rxh5 45.
Rxa3 Rxh2 46. Kb4 Kg7 47. Rc3 Kf7 48. c5 Rb2+ 49. Kc4 Ke7 50. Rd3 Rb8 51. c6
Rb1 52. Kc5 1-0

[Event "18eme open Louviers"]
[Site "?"]
[Date "2015.10.31"]
[Round "3"]
[White "Mergen, Bat"]
[Black "Garcia, Adrien"]
[Result "0-1"]
[WhiteElo "1399"]
[BlackElo "1908"]
[PlyCount "66"]
[EventDate "2012.05.13"]
[SourceDate "2015.11.08"]

1. d4 Nf6 2. c4 e6 3. Nf3 d5 4. g3 c6 5. Bg2 Bd6 6. O-O Ne4 7. Nbd2 f5 8. Ne5
Nd7 9. Ndf3 Qf6 10. cxd5 exd5 11. Bf4 Nf8 12. Nd3 Bxf4 13. Nxf4 g5 14. Nd3 h5
15. h4 gxh4 16. Nxh4 Qxd4 17. Bxe4 fxe4 18. Nf4 Qxd1 19. Raxd1 Bd7 20. Rc1 Ne6
21. Nxe6 Bxe6 22. b4 Rg8 23. b5 Kd7 24. bxc6+ bxc6 25. Rb1 Rab8 26. Ng2 Bh3 27.
Rfe1 Bxg2 28. Kxg2 Kd6 29. f3 exf3+ 30. exf3 Rxb1 31. Rxb1 d4 32. Rb7 c5 33.
Rxa7 d3 0-1

[Event "18eme open Louviers"]
[Site "?"]
[Date "2015.10.31"]
[Round "3"]
[White "Abdat, Rachid"]
[Black "Van Lingen, Guus"]
[Result "1-0"]
[WhiteElo "1900"]
[BlackElo "1590"]
[PlyCount "91"]
[EventDate "2012.05.13"]
[SourceDate "2015.11.08"]

1. e4 e5 2. Nf3 Nf6 3. Bc4 Nxe4 4. Nxe5 d5 5. Be2 Bd6 6. d4 Qf6 7. Nf3 O-O 8.
Be3 Bf5 9. h3 Nc6 10. a3 Rfe8 11. Nbd2 h6 12. Nb3 a6 13. g4 Bg6 14. Qc1 Re7 15.
O-O Rae8 16. Bd1 Nd8 17. Ne5 Qh4 18. Kg2 Bxe5 19. dxe5 Rxe5 20. Nd4 Ne6 21. Nf3
Qf6 22. Nxe5 Qxe5 23. f4 Qd6 24. Rf3 f5 25. c3 N6c5 26. Bc2 Qd7 27. gxf5 Bxf5
28. Qg1 Re6 29. Kh2 Rg6 30. Qf1 Ne6 31. Rd1 c6 32. Qe2 Qe7 33. Rg1 Qh4 34. Rxg6
Bxg6 35. Bf2 Qf6 36. Qe3 Bh5 37. Bxe4 dxe4 38. Rg3 Nxf4 39. Rg1 Bf3 40. Qd4 Qf7
41. Qd8+ Kh7 42. Bd4 Ne6 43. Qh4 Ng5 44. Rxg5 g6 45. Re5 g5 46. Rxg5 1-0

[Event "18eme open Louviers"]
[Site "?"]
[Date "2015.10.31"]
[Round "3"]
[White "Hatton, Christian"]
[Black "Roche, Jan-Francois"]
[Result "1-0"]
[WhiteElo "1859"]
[BlackElo "1526"]
[PlyCount "47"]
[EventDate "2012.05.13"]
[SourceDate "2015.11.08"]

1. d4 f5 2. c4 Nf6 3. Nf3 g6 4. g3 Bg7 5. Bg2 O-O 6. O-O d6 7. Nc3 a5 8. Re1
Qe8 9. e4 e5 10. dxe5 dxe5 11. exf5 Bxf5 12. Nxe5 Qc8 13. Qb3 c6 14. Na4 Ra6
15. Nc5 Ra7 16. Qb6 Ra6 17. Nxa6 Nxa6 18. Qxa5 Re8 19. f4 Nc7 20. Bd2 Ne6 21.
Rad1 Nf8 22. Bc3 Kh8 23. Rd8 Qe6 24. Nxg6+ 1-0

[Event "18eme open Louviers"]
[Site "?"]
[Date "2015.10.31"]
[Round "3"]
[White "Le Duc, Johann"]
[Black "Josse, Sebastien"]
[Result "1-0"]
[WhiteElo "1516"]
[BlackElo "1774"]
[PlyCount "49"]
[EventDate "2012.05.13"]
[SourceDate "2015.11.08"]

1. e4 e5 2. Nf3 Nc6 3. d4 exd4 4. Nxd4 d6 5. Bc4 Qf6 6. Nxc6 bxc6 7. O-O Qg6 8.
Qe2 Bg4 9. f3 Be6 10. Nc3 Nf6 11. Be3 Be7 12. Bxe6 fxe6 13. Qc4 Kd7 14. Rad1
Nh5 15. Na4 d5 16. exd5 exd5 17. Rxd5+ cxd5 18. Qxd5+ Bd6 19. Nc5+ Ke7 20. Bg5+
Kf8 21. Qxa8+ Kf7 22. Qd5+ Kf8 23. Ne6+ Ke8 24. Re1 Kd7 25. Nc5+ 1-0

[Event "18eme open Louviers"]
[Site "?"]
[Date "2015.10.31"]
[Round "3"]
[White "Grenet, Dominique"]
[Black "Vappereau, Xavier"]
[Result "0-1"]
[WhiteElo "1458"]
[BlackElo "1691"]
[PlyCount "96"]
[EventDate "2012.05.13"]
[SourceDate "2015.11.08"]

1. e4 c5 2. b3 d6 3. Bb2 Nc6 4. Nf3 Nf6 5. d3 g6 6. Bxf6 exf6 7. Be2 Bg7 8. c3
O-O 9. O-O f5 10. Qc2 fxe4 11. dxe4 Qf6 12. Rc1 Re8 13. Nbd2 a6 14. a4 Bg4 15.
Rab1 Bh6 16. Rd1 Rad8 17. Nc4 Qf4 18. Ne3 Qxe4 19. Qxe4 Rxe4 20. Nxg4 Rxg4 21.
Bc4 Re4 22. Bd5 Re7 23. h4 Bg7 24. Rbc1 h6 25. Kf1 Ne5 26. Re1 Kf8 27. Rc2 Nxf3
28. Rxe7 Nd2+ 29. Rxd2 Kxe7 30. Re2+ Kf8 31. c4 Rb8 32. Re3 b5 33. Bc6 bxc4 34.
Bd5 cxb3 35. Rxb3 Rxb3 36. Bxb3 a5 37. Ke2 Ke7 38. g4 Bf6 39. h5 gxh5 40. gxh5
Bg5 41. Kf3 f5 42. Ke2 Kf6 43. Kd3 Ke5 44. f3 d5 45. Ke2 c4 46. Bc2 d4 47. Ke1
d3 48. Bb1 Kd4 0-1

[Event "18eme open Louviers"]
[Site "?"]
[Date "2015.10.31"]
[Round "3"]
[White "Naji, Nil"]
[Black "Quevauvilliers, Philippe"]
[Result "1-0"]
[WhiteElo "1675"]
[BlackElo "1448"]
[PlyCount "41"]
[EventDate "2012.05.13"]
[SourceDate "2015.11.08"]

1. e4 e5 2. Nf3 Nc6 3. Bb5 Qf6 4. Nc3 a6 5. Nd5 Qd6 6. Ba4 b5 7. Bb3 Nb4 8.
Nxb4 Qxb4 9. O-O Bb7 10. Re1 Nf6 11. Nxe5 Be7 12. Bxf7+ Kf8 13. Bb3 d5 14. Nd3
Qa5 15. exd5 Bxd5 16. Bxd5 Nxd5 17. Qf3+ Nf6 18. Qxa8+ Ne8 19. b4 Qb6 20. Nc5
Kf7 21. Qd5+ 1-0

[Event "18eme open Louviers"]
[Site "?"]
[Date "2015.10.31"]
[Round "3"]
[White "Blasco, David"]
[Black "Totain, Christian"]
[Result "1/2-1/2"]
[WhiteElo "1443"]
[BlackElo "1660"]
[PlyCount "99"]
[EventDate "2012.05.13"]
[SourceDate "2015.11.08"]

1. e4 e5 2. f4 d5 3. exd5 Qxd5 4. Nc3 Qe6 5. fxe5 Qxe5+ 6. Qe2 Qxe2+ 7. Bxe2
Nf6 8. d4 Bb4 9. Bd2 O-O 10. O-O-O Nc6 11. Be1 Be6 12. Bf3 Bg4 13. Nge2 Rad8
14. h3 Bxf3 15. gxf3 Rfe8 16. Bh4 Bxc3 17. Nxc3 Rxd4 18. Bxf6 gxf6 19. Nb5
Rxd1+ 20. Rxd1 Re7 21. c3 a6 22. Nd4 Nxd4 23. Rxd4 c6 24. Kd2 h6 25. a4 Kh7 26.
Rg4 h5 27. Rg2 Kh6 28. a5 Re5 29. b4 f5 30. f4 Re4 31. Rf2 Kg6 32. Kd3 Kf6 33.
Rf3 Ke6 34. Re3 Rxe3+ 35. Kxe3 Kd5 36. Kd3 h4 37. c4+ Kd6 38. Ke3 Ke6 39. Kd3
Kd6 40. Ke3 Ke6 41. Kd4 Kd6 42. Kc3 f6 43. Kd4 Kd7 44. Kc5 Kc7 45. b5 cxb5 46.
cxb5 axb5 47. Kxb5 Kc8 48. Kb6 Kb8 49. Kc5 Kc7 50. Kb5 1/2-1/2

[Event "18eme open Louviers"]
[Site "?"]
[Date "2015.10.31"]
[Round "3"]
[White "Arinal, Serge"]
[Black "Pineau, Patrick"]
[Result "0-1"]
[WhiteElo "1652"]
[BlackElo "1428"]
[PlyCount "94"]
[EventDate "2012.05.13"]
[SourceDate "2015.11.08"]

1. Nf3 c5 2. c4 d6 3. Nc3 Nf6 4. g3 e5 5. Bg2 Nc6 6. O-O Be7 7. Ng5 h6 8. Nge4
Nxe4 9. Bxe4 Bh3 10. Re1 f5 11. Bd5 Qd7 12. e3 O-O-O 13. Qh5 Bg4 14. Qg6 Kb8
15. Be6 Qe8 16. Bxf5 Bh5 17. Qxe8 Rdxe8 18. Nd5 Ref8 19. Bd7 Bg5 20. a3 Bf3 21.
Nc3 h5 22. Bh3 g6 23. Bg2 h4 24. Bxf3 Rxf3 25. Kg2 Rhf8 26. Rf1 Be7 27. Ne4 g5
28. d3 g4 29. Bd2 h3+ 30. Kg1 a6 31. Nc3 Na5 32. Be1 Nb3 33. Rd1 Bf6 34. Nd5
Bg5 35. Bc3 b6 36. Nxb6 Kc7 37. Nd5+ Kb7 38. d4 cxd4 39. exd4 exd4 40. Bxd4 Nd2
41. Rfe1 Rd3 42. Rxd2 Rxd2 43. Bc3 Rdxf2 44. Nf4 Rc2 45. Bg7 Rf7 46. Bc3 Bxf4
47. gxf4 Rxf4 0-1

[Event "18eme open Louviers"]
[Site "?"]
[Date "2015.10.31"]
[Round "3"]
[White "Bailly, Thierry"]
[Black "Mallet, Guillaume"]
[Result "1-0"]
[WhiteElo "1624"]
[BlackElo "1333"]
[PlyCount "36"]
[EventDate "2012.05.13"]
[SourceDate "2015.11.08"]

1. e4 e5 2. Nf3 d6 3. d4 exd4 4. Nxd4 Ne7 5. Nc3 g6 6. Bc4 Bg7 7. Be3 O-O 8.
O-O Nbc6 9. Re1 a6 10. a4 Ne5 11. Be2 c5 12. Nf3 Be6 13. Nxe5 Bxe5 14. f4 Bg7
15. Qd2 Qb6 16. Rab1 Bd4 17. Red1 Bxe3+ 18. Qxe3 Rad8 {portable} 1-0

[Event "18eme open Louviers"]
[Site "?"]
[Date "2015.10.31"]
[Round "3"]
[White "Troppee, Kevin"]
[Black "Defranoux, Pascal"]
[Result "1-0"]
[WhiteElo "1270"]
[BlackElo "1290"]
[PlyCount "69"]
[EventDate "2012.05.13"]
[SourceDate "2015.11.08"]

1. c4 e5 2. Nc3 Bc5 3. e3 Nc6 4. g3 Nge7 5. a3 a6 6. Bg2 d6 7. b4 Ba7 8. Bxc6+
bxc6 9. Nge2 Bb7 10. O-O Qd7 11. d4 Nf5 12. dxe5 Bxe3 13. fxe3 O-O-O 14. c5 Qe6
15. Nf4 Qh6 16. Qh5 Qxh5 17. Nxh5 g6 18. e4 Nh6 19. Bxh6 gxh5 20. Rxf7 dxe5 21.
Raf1 Kb8 22. Rf8 Rhxf8 23. Rxf8 Rxf8 24. Bxf8 Kc8 25. Bg7 Kd8 26. Bxe5 Bc8 27.
Kf2 Ke7 28. Bxc7 Ke6 29. e5 Kf5 30. Kf3 Be6 31. h3 Bd5+ 32. Nxd5 cxd5 33. Ke3
h6 34. Bd6 Kg5 35. c6 1-0

[Event "18eme open Louviers"]
[Site "?"]
[Date "2015.10.31"]
[Round "3"]
[White "Voegele, Francois-Marie"]
[Black "Cassiau, Kevin"]
[Result "0-1"]
[WhiteElo "1160"]
[BlackElo "1520"]
[PlyCount "42"]
[EventDate "2012.05.13"]
[SourceDate "2015.11.08"]

1. f4 d5 2. e3 Nc6 3. Nf3 Bg4 4. Be2 Nf6 5. O-O e6 6. Nc3 Bc5 7. h3 Bh5 8. d3
Qd6 9. Bd2 Bb6 10. a3 Qxf4 11. d4 Qd6 12. Re1 O-O 13. Rc1 Bxf3 14. Bxf3 Ne7 15.
Be2 c5 16. dxc5 Bxc5 17. Kh1 Nf5 18. e4 dxe4 19. Nb5 Ng3+ 20. Kh2 Nf1+ 21. Kh1
Qh2# 0-1

[Event "18eme open Louviers"]
[Site "?"]
[Date "2015.10.31"]
[Round "3"]
[White "Hauchard, Goran"]
[Black "Bekkaye, Mohammed"]
[Result "1-0"]
[WhiteElo "1110"]
[BlackElo "1487"]
[PlyCount "79"]
[EventDate "2012.05.13"]
[SourceDate "2015.11.08"]

1. e4 d6 2. Nf3 e5 3. d3 Nf6 4. Bg5 Be7 5. Nc3 c6 6. Be2 Nbd7 7. O-O O-O 8. Re1
Qc7 9. Bxf6 Nxf6 10. a4 a5 11. d4 Re8 12. dxe5 dxe5 13. Bc4 h6 14. Ne2 Nxe4 15.
Qd3 Nf6 16. Nc3 Bd6 17. Ne4 Nxe4 18. Rxe4 Be6 19. Bxe6 Rxe6 20. Qc4 Rae8 21.
Rg4 e4 22. Qd4 f6 23. Nh4 Bxh2+ 24. Kf1 Be5 25. Qd1 Bxb2 26. Rb1 Bc3 27. Rg6
Bb4 28. Nf5 Qh2 29. Rxg7+ Kf8 30. Qg4 R6e7 31. Nxe7 Rxe7 32. Rg8+ Kf7 33. Rd1
h5 34. Qf5 Kxg8 35. Qg6+ Rg7 36. Rd8+ Bf8 37. Qxe4 Qh1+ 38. Ke2 Re7 39. Qxe7
Qa1 40. Rxf8# 1-0

[Event "18eme open Louviers"]
[Site "?"]
[Date "2015.10.31"]
[Round "3"]
[White "Hauchard, Remi"]
[Black "Marie, Isabelle"]
[Result "1-0"]
[WhiteElo "1330"]
[BlackElo "1120"]
[PlyCount "87"]
[EventDate "2012.05.13"]
[SourceDate "2015.11.08"]

1. e4 e5 2. Nf3 Nc6 3. Bb5 Nf6 4. O-O a6 5. Ba4 d6 6. d4 Bd7 7. c3 Nxe4 8. Re1
Nf6 9. dxe5 Nxe5 10. Nxe5 dxe5 11. Rxe5+ Be7 12. Bg5 Bxa4 13. Qxa4+ c6 14. Bxf6
gxf6 15. Re2 Qd7 16. Nd2 O-O-O 17. Nc4 Kb8 18. Qb3 Rhg8 19. g3 Rg7 20. Ne3 h5
21. Rd1 Qe6 22. Rxd8+ Bxd8 23. Qxe6 fxe6 24. Nc4 e5 25. Nd6 Kc7 26. Nf5 Rd7 27.
h4 Be7 28. Ng7 b5 29. Nxh5 a5 30. Ng7 b4 31. cxb4 Bxb4 32. Nf5 Rd2 33. Rxd2
Bxd2 34. h5 Kd7 35. h6 Bxh6 36. Nxh6 Ke6 37. Kf1 e4 38. Ke2 f5 39. Ke3 Ke5 40.
Nf7+ Ke6 41. Nd8+ Kd6 42. Kf4 Kc7 43. Nxc6 Kxc6 44. Kxf5 1-0

[Event "18eme open Louviers"]
[Site "?"]
[Date "2015.10.31"]
[Round "3"]
[White "Maraine, Louis Ermiyas"]
[Black "Varigault, Nicole"]
[Result "1-0"]
[WhiteElo "1010"]
[BlackElo "1230"]
[PlyCount "65"]
[EventDate "2012.05.13"]
[SourceDate "2015.11.08"]

1. f4 e6 2. b3 d5 3. Nf3 Bd6 4. e3 Nf6 5. Be2 O-O 6. O-O c5 7. Bb2 Nbd7 8. d3
b5 9. Ne5 Ng4 10. Nxg4 f6 11. Rf3 Be7 12. Rg3 Rf7 13. Nh6+ Kf8 14. Nxf7 Kxf7
15. Nd2 Nf8 16. Bh5+ g6 17. Be2 f5 18. Bh5 Bh4 19. Rh3 gxh5 20. Qxh5+ Ng6 21.
Qxh7+ Kf8 22. Qxg6 Ke7 23. Qh7+ Kd6 24. Rxh4 Bd7 25. Be5+ Kc6 26. c4 bxc4 27.
dxc4 Qa5 28. Nf3 Re8 29. Bf6 Qc7 30. Ne5+ Kd6 31. Nxd7 d4 32. Be5+ Kc6 33. Bxc7
1-0

[Event "18eme open Louviers"]
[Site "?"]
[Date "2015.11.01"]
[Round "4"]
[White "Garcia, Adrien"]
[Black "Joslin, Jerome"]
[Result "0-1"]
[WhiteElo "1908"]
[BlackElo "2072"]
[PlyCount "144"]
[EventDate "2012.05.13"]
[SourceDate "2015.11.08"]

1. Nc3 e5 2. Nf3 Nc6 3. d4 exd4 4. Nxd4 Bc5 5. Be3 Bb4 6. Nxc6 Bxc3+ 7. bxc3
bxc6 8. g3 Ne7 9. Bg2 O-O 10. O-O d6 11. Bd4 Ba6 12. Re1 Bc4 13. e4 c5 14. Be3
f6 15. f4 Ng6 16. h4 Rb8 17. h5 Ne7 18. e5 Rb6 19. exf6 gxf6 20. Qg4+ Kh8 21.
Rad1 Qc8 22. Qf3 Be6 23. Qe4 Nf5 24. Bf2 Bd7 25. Qd3 Nh6 26. Re7 Bf5 27. Qe2
Ng8 28. Re3 Rb2 29. Be4 Bg4 30. Bf3 Bxf3 31. Qxf3 Rxc2 32. Rde1 Qa8 33. Qg4 Qd5
34. Qd7 Rf7 35. Qa4 Rxa2 36. Qe8 Qxh5 37. g4 Qg6 38. f5 Qg7 39. Qe4 Re7 40. Qc4
Rxe3 41. Rxe3 Ra1+ 42. Kg2 Qd7 43. Qd5 Ra4 44. Rg3 Qe7 45. c4 Qe5 46. Qxe5 fxe5
47. g5 Kg7 48. Rg4 Rb4 49. Bh4 Rb8 50. Rg3 Rf8 51. f6+ Kg6 52. Rb3 h6 53. gxh6
Kxh6 54. Rb7 Rf7 55. Rxa7 Kg6 56. Be1 Nxf6 57. Ba5 Ne8 58. Ra8 Re7 59. Kf3 Kf7
60. Rc8 Ke6 61. Rd8 Ng7 62. Rc8 Nf5 63. Ke4 Nd4 64. Rh8 Nc6 65. Be1 Rg7 66.
Rh6+ Kd7 67. Rh4 Ne7 68. Bd2 Kc6 69. Bc3 Nc8 70. Bd2 Nb6 71. Kf5 Rg2 72. Bh6
Rc2 0-1

[Event "18eme open Louviers"]
[Site "?"]
[Date "2015.11.01"]
[Round "4"]
[White "Vincent, Didier"]
[Black "Bailly, Thierry"]
[Result "1-0"]
[WhiteElo "2024"]
[BlackElo "1624"]
[PlyCount "81"]
[EventDate "2012.05.13"]
[SourceDate "2015.11.08"]

1. e4 e5 2. Nf3 d6 3. Bc4 Be7 4. c3 Nf6 5. d3 Nc6 6. Bb3 Bg4 7. h3 Bd7 8. Nbd2
Qc8 9. Nc4 Nd8 10. Be3 h6 11. Qe2 g6 12. Ncd2 Bf8 13. d4 exd4 14. cxd4 c6 15.
O-O Bg7 16. Bf4 O-O 17. Bxd6 Re8 18. Be5 Be6 19. Qe3 Kh7 20. Rfe1 Bxb3 21. Qxb3
Qe6 22. Qc3 Bh8 23. a3 b6 24. Rac1 Nd7 25. Bxh8 Rxh8 26. b4 a6 27. Nc4 Rc8 28.
Qd3 b5 29. Nce5 Nxe5 30. Nxe5 f6 31. Nf3 Nf7 32. Rc2 Rhd8 33. Rec1 Rd6 34. Rc3
Nd8 35. Qc2 Ra8 36. Rc5 h5 37. e5 Rd7 38. exf6 Qxf6 39. Ne5 Rxd4 40. Nxc6 Nxc6
41. Rxc6 {Suite illisible} 1-0

[Event "18eme open Louviers"]
[Site "?"]
[Date "2015.11.01"]
[Round "4"]
[White "Pineau, Patrick"]
[Black "Abdat, Rachid"]
[Result "0-1"]
[WhiteElo "1428"]
[BlackElo "1900"]
[PlyCount "82"]
[EventDate "2012.05.13"]
[SourceDate "2015.11.08"]

1. d4 d5 2. c4 Nf6 3. Nf3 dxc4 4. Nc3 e6 5. Bg5 Bb4 6. e3 b5 7. Be2 Bb7 8. O-O
Bxc3 9. bxc3 h6 10. Bh4 Qd5 11. Qc2 Nbd7 12. a4 g5 13. Bg3 g4 14. Nh4 c6 15. f3
Qg5 16. f4 Qd5 17. a5 O-O-O 18. a6 Ba8 19. Qa2 Rdg8 20. f5 e5 21. dxe5 Nxe5 22.
Rfd1 Qc5 23. Bxe5 Qxe3+ 24. Kh1 Qxe5 25. Re1 Qc5 26. Qd2 Nd5 27. Bf1 Qd6 28.
Rad1 Re8 29. Qf2 Rxe1 30. Rxe1 c5 31. Rd1 Re8 32. f6 Re5 33. Qg3 Qe6 34. Qf2
Nxc3 35. Rc1 Ne4 36. Qa2 Nxf6 37. Rd1 Re1 38. Rxe1 Qxe1 39. Kg1 Qe3+ 40. Kh1
Ne4 41. Qb2 Nf2+ 0-1

[Event "18eme open Louviers"]
[Site "?"]
[Date "2015.11.01"]
[Round "4"]
[White "Lacour, Cedric"]
[Black "Mergen, Bat"]
[Result "1-0"]
[WhiteElo "1886"]
[BlackElo "1399"]
[PlyCount "95"]
[EventDate "2012.05.13"]
[SourceDate "2015.11.08"]

1. e4 c5 2. Nf3 Nc6 3. Bb5 d6 4. O-O Bd7 5. Re1 e5 6. c3 a6 7. Bf1 Bg4 8. d3
Bxf3 9. Qxf3 Qf6 10. Be3 Qxf3 11. gxf3 f5 12. f4 fxe4 13. dxe4 Nf6 14. Bg2 Be7
15. Nd2 Ng4 16. f5 Nxe3 17. Rxe3 Bg5 18. Rd3 Bxd2 19. Rxd2 Ke7 20. Rad1 Rad8
21. Rd3 g5 22. Bh3 Rhf8 23. Bg4 Rf6 24. Rh3 h6 25. Bh5 b5 26. Bg6 Rh8 27. Rh5
Nd8 28. Rd3 Nf7 29. Rdh3 Kf8 30. Bxf7 Kxf7 31. Rxg5 Rg8 32. Rxg8 Kxg8 33. Rd3
Kf7 34. b3 Kg7 35. c4 b4 36. Kg2 h5 37. Rg3+ Kf7 38. Kh3 Rh6 39. Kh4 Ke7 40.
Rg5 Rh8 41. Rxh5 Rg8 42. Rh7+ Kf6 43. Rd7 Rh8+ 44. Kg3 Rg8+ 45. Kf3 Rh8 46.
Rxd6+ Kf7 47. Re6 a5 48. Rxe5 {Suite illisible} 1-0